000 00718cam a2200253 4500500
005 20260329003536.0
041 _afre
042 _adc
100 1 0 _aHuneman, Philippe
_eauthor
245 0 0 _aQue sont les Illuminati?
260 _c2016.
500 _a87
690 _aComplot
690 _aComplotisme
690 _aConspiration
690 _aConspirationnisme
690 _aDélire
690 _aHistoire
690 _aIlluminati
690 _aThéorie du complot
690 _aThéories du complot
786 0 _nPhilosophie magazine | 96 | 2 | 2016-02-01 | p. 13-17 | 1951-1787
856 4 1 _uhttps://shs.cairn.info/magazine-philosophie-magazine-2016-2-page-13?lang=fr&redirect-ssocas=7080
999 _c1825445
_d1825445